00685 2200241 4500001002100000005001500021035002000036245010800056100003000164250000600194300003500200700002300235260003400258082001000292084001600302020002200318650001700340990001700357990001700374990001700391990001800408990001700426INLIS00000000000054720190103041827 a0010-01190000031 aManfaat Tumbuhan Bunga Penghias Pekarangan /cIr. Sampuguita Syafrezani; Penyunting, Yana Sutisna, S.Si0 aIr. Sampuguita Syafrezani a- aiv, 84 hlm. :bilus. ;c25 cm.0 aYana Sutisna, S.Si aBandung :bTitian Ilmu,c2009 a635.9 a635.9 SAM m a978-979-027-105-1 aTanaman Hias a01970/P/2018 a01971/P/2018 a01972/P/2018 a019730/P/2018 a01974/P/2018